[Event "Sardinia World op-B"]
[Site "Orosei"]
[Date "2024.05.04"]
[Round "9"]
[White "Maida, Federico"]
[Black "Carfagna, Alex"]
[Result "1-0"]
[WhiteElo "1961"]
[BlackElo "1939"]
[PlyCount "123"]
[EventDate "2024.04.27"]
[EventType "swiss"]
[EventRounds "9"]
[EventCountry "ITA"]
[SourceTitle "EXT 2025"]
[Source "ChessBase"]
[SourceDate "2024.10.14"]
[SourceVersion "1"]
[SourceVersionDate "2024.10.14"]
[SourceQuality "1"]

1. d4 Nf6 2. g3 g6 3. Bg2 Bg7 4. Nf3 c5 5. dxc5 Qa5+ 6. Bd2 Qxc5 7. Bc3 Nc6 8. 0-0 0-0 9. Nbd2 d6 10. Nb3 Qh5 11. Re1 Bh3 12. Bh1 Rac8 13. Nfd4 Bd7 14. Bf3 Bg4 15. Nxc6 bxc6 16. Bg2 Bh3 17. Bh1 c5 18. e4 Qxd1 19. Raxd1 Nd7 20. Bxg7 Kxg7 21. f4 Bg4 22. Rd2 c4 23. Nd4 c3 24. bxc3 Rxc3 25. Rb1 a6 26. Rb7 Rb8 27. Rxb8 Nxb8 28. Rd3 Rc7 29. f5 Nd7 30. Bg2 Ne5 31. Ra3 Rc4 32. c3 a5 33. Kf2 Nd3+ 34. Kg1 Rc8 35. h3 Bd1 36. Bf1 Nc5 37. fxg6 hxg6 38. Rxa5 Nxe4 39. c4 Nd2 40. Ra7 Kf6 41. Bd3 Nxc4 42. a4 Ne5 43. Bb5 Nf3+ 44. Nxf3 Bxf3 45. a5 Ra8 46. Rxa8 Bxa8 47. a6 e5 48. Kf2 d5 49. Ke3 Ke7 50. h4 f5 51. Be2 Kf6 52. Bb5 g5 53. hxg5+ Kxg5 54. Bd7 Kg4 55. Bc8 Kxg3 56. Bb7 f4+ 57. Ke2 Kg2 58. Bxa8 f3+ 59. Ke3 d4+ 60. Kd3 Kg3 61. Bxf3 Kxf3 62. a7 1-0